000
00324nas a2200145 a 4500
001
68989
003
142808
005
20201118110605.0
008
960101n1988 ck |||||||| 000 0 spa d
245
0
_a
Ciencias Sociales - No.1 (1988)
260
_c
1988.
562
_e
1
773
_0
16612
_a
Ciencias Sociales
942
_c
SISS
999
_c
68989
_d
68989